[Event "Polar Capital Jersey op"]
[Site "St Helier"]
[Date "2018.04.06"]
[Round "8.12"]
[White "Verma, Aditya"]
[Black "Byron, Alan M"]
[Result "1-0"]
[WhiteElo "2002"]
[BlackElo "2128"]
[PlyCount "85"]
[EventDate "2018.03.31"]
[EventType "swiss"]
[EventRounds "9"]
[EventCountry "JCI"]

1. e4 c5 2. Nf3 e6 3. d4 cxd4 4. Nxd4 a6 5. Nc3 Qc7 6. g3 Bb4 7. Nde2 Nf6 8.
Bg2 Be7 9. O-O Nc6 10. h3 b5 11. a3 d6 12. g4 h6 13. Be3 Bb7 14. f4 Na5 15. b3
Nd7 16. Qd2 Rc8 17. Rad1 Bf6 18. Bd4 Bxd4+ 19. Qxd4 Qc5 20. Kh2 Qxd4 21. Rxd4
Ke7 22. Rfd1 Rc6 23. a4 Rb6 24. axb5 axb5 25. e5 d5 26. Rb4 Ba6 27. Bxd5 g5 28.
Ra1 Nc6 29. Bxc6 Rxc6 30. Kg3 Rhc8 31. Ne4 Rxc2 32. Nd4 Bb7 33. Nxc2 Rxc2 34.
Ra7 Bc6 35. fxg5 hxg5 36. h4 gxh4+ 37. Kxh4 Re2 38. Rd4 Kf8 39. Nf6 Nxe5 40.
Rd8+ Kg7 41. Nh5+ Kh7 42. Kg5 Bd7 43. Nf6+ 1-0

[Event "Polar Capital Jersey op"]
[Site "St Helier"]
[Date "2018.04.06"]
[Round "8.13"]
[White "Belzo, Krzysztof"]
[Black "Pitcher, Thomas"]
[Result "0-1"]
[WhiteElo "2103"]
[BlackElo "1910"]
[PlyCount "108"]
[EventDate "2018.03.31"]
[EventType "swiss"]
[EventRounds "9"]
[EventCountry "JCI"]

1. c4 e6 2. g3 f5 3. Bg2 Nf6 4. Nc3 Bb4 5. Nf3 O-O 6. O-O Nc6 7. Qc2 d6 8. d4
Bd7 9. d5 exd5 10. Nxd5 Ne4 11. Nxb4 Nxb4 12. Qb3 a5 13. c5+ d5 14. Be3 Qe8 15.
a4 Be6 16. Ng5 c6 17. Nxe6 Qxe6 18. Rfe1 Rfe8 19. f3 Nxg3 20. Kf2 Qxe3+ 21.
Qxe3 Rxe3 22. Kxe3 Nc2+ 23. Kf2 Nxa1 24. Rxa1 Nh5 25. Ra3 Re8 26. e3 Kf7 27. b4
axb4 28. Rb3 Ra8 29. Rxb4 Ra7 30. e4 Nf6 31. Ke3 dxe4 32. fxe4 fxe4 33. Bxe4
Ke6 34. Kd4 g6 35. Bg2 g5 36. Bf1 h5 37. Bc4+ Kf5 38. h3 Kf4 39. Be6 g4 40.
hxg4 hxg4 41. Bc8 Nd5 42. Rc4 g3 43. Bh3 Ne3 44. Rc1 Rxa4+ 45. Kd3 Rb4 46. Rg1
Rb5 47. Bc8 g2 48. Ke2 Rb2+ 49. Kd3 Rb3+ 50. Kd2 Kf3 51. Be6 Rb2+ 52. Kc3 Rc2+
53. Kd3 Rxc5 54. Bc8 Kf2 0-1

[Event "Polar Capital Jersey op"]
[Site "St Helier"]
[Date "2018.04.06"]
[Round "8.14"]
[White "Hewson, Brian Wr"]
[Black "Heppell, Ian N"]
[Result "1/2-1/2"]
[WhiteElo "2044"]
[BlackElo "2035"]
[PlyCount "36"]
[EventDate "2018.03.31"]
[EventType "swiss"]
[EventRounds "9"]
[EventCountry "JCI"]

1. d4 d6 2. e4 Nf6 3. Nc3 Nbd7 4. Nf3 e5 5. dxe5 dxe5 6. Bc4 Bb4 7. Bd2 O-O 8.
O-O c6 9. a3 Be7 10. Re1 Qc7 11. b4 a5 12. b5 Nc5 13. Bg5 Be6 14. Qe2 Rad8 15.
bxc6 bxc6 16. Bxe6 Nxe6 17. Bxf6 Bxf6 18. Qc4 Be7 1/2-1/2

[Event "Polar Capital Jersey op"]
[Site "St Helier"]
[Date "2018.04.06"]
[Round "8.15"]
[White "Modi, Shyam Jagdish"]
[Black "Modi, Kishan J"]
[Result "0-1"]
[WhiteElo "1945"]
[BlackElo "1850"]
[PlyCount "87"]
[EventDate "2018.03.31"]
[EventType "swiss"]
[EventRounds "9"]
[EventCountry "JCI"]

1. d4 d5 2. Nf3 Nf6 3. Bf4 c5 4. c3 Nc6 5. e3 Qb6 6. Qb3 c4 7. Qc2 Bf5 8. Qc1
Qd8 9. h3 h6 10. Nbd2 e6 11. Be2 Bd6 12. Ne5 Qc7 13. Ndf3 Be4 14. O-O Bxf3 15.
Nxf3 O-O 16. b3 b5 17. a4 a6 18. b4 Ne4 19. Bxd6 Qxd6 20. Nd2 Nxd2 21. Qxd2 f5
22. f4 Rfb8 23. a5 Qe7 24. Kh2 Kh7 25. g4 g6 26. Rg1 Rg8 27. Bf3 Rg7 28. Rg3
Rag8 29. Rag1 Qf7 30. h4 Ne7 31. Qe2 fxg4 32. Rxg4 Nf5 33. Kh3 g5 34. hxg5 hxg5
35. Rxg5 Rxg5 36. fxg5 Kg7 37. Kg2 Nh4+ 38. Kg3 Rh8 39. Bg4 Qc7+ 40. Kf2 Qh2+
41. Kf1 Rf8+ 42. Bf3 Rxf3+ 43. Ke1 Qxg1+ 44. Kd2 0-1

[Event "Polar Capital Jersey op"]
[Site "St Helier"]
[Date "2018.04.06"]
[Round "8.16"]
[White "Okhai, Shabir"]
[Black "Wojciechowski, Paul"]
[Result "1-0"]
[WhiteElo "2090"]
[BlackElo "1895"]
[PlyCount "57"]
[EventDate "2018.03.31"]
[EventType "swiss"]
[EventRounds "9"]
[EventCountry "JCI"]

1. e4 c5 2. Nf3 d6 3. Bb5+ Bd7 4. c4 Nc6 5. d4 cxd4 6. Nxd4 Nf6 7. Nc3 e6 8.
O-O Be7 9. Be3 O-O 10. f3 a6 11. Bxc6 bxc6 12. Qd3 c5 13. Nc2 Qc7 14. Rfd1 Rfd8
15. Bf2 Bc6 16. Ne3 Rd7 17. Rd2 Rad8 18. Rad1 Qb7 19. Qc2 h6 20. b3 d5 21. cxd5
exd5 22. exd5 Nxd5 23. Nf5 Bg5 24. Ne4 Nb4 25. Qc3 f6 26. Nxg5 hxg5 27. Bxc5
Nxa2 28. Qc4+ Kh8 29. Nd6 1-0

[Event "Polar Capital Jersey op"]
[Site "St Helier"]
[Date "2018.04.06"]
[Round "8.17"]
[White "van Leusden, Dennis"]
[Black "Held, Thomas"]
[Result "1-0"]
[WhiteElo "2035"]
[BlackElo "2056"]
[PlyCount "61"]
[EventDate "2018.03.31"]
[EventType "swiss"]
[EventRounds "9"]
[EventCountry "JCI"]

1. e4 e6 2. d4 d5 3. Nc3 Nf6 4. e5 Nfd7 5. f4 c5 6. Nf3 Nc6 7. Be3 a6 8. Qd2 b5
9. Nd1 Be7 10. Be2 g6 11. O-O O-O 12. c3 Qb6 13. h4 b4 14. h5 a5 15. hxg6 hxg6
16. Nf2 Ba6 17. Ng4 bxc3 18. bxc3 cxd4 19. Nxd4 Nxd4 20. Bxd4 Bc5 21. Rab1 Qa7
22. Bxa6 Qxa6 23. Rf3 Bxd4+ 24. cxd4 f5 25. exf6 Nxf6 26. Qc2 Ne4 27. Nh6+ Kg7
28. Qc7+ Kf6 29. Ng4+ Kf5 30. Ne3+ Kf6 31. Rb7 1-0

[Event "Polar Capital Jersey op"]
[Site "St Helier"]
[Date "2018.04.06"]
[Round "8.18"]
[White "Bryant, Richard BE"]
[Black "Safarian, Alek"]
[Result "1/2-1/2"]
[WhiteElo "1932"]
[BlackElo "2024"]
[PlyCount "74"]
[EventDate "2018.03.31"]
[EventType "swiss"]
[EventRounds "9"]
[EventCountry "JCI"]

1. e4 c5 2. Nc3 d6 3. f4 Nc6 4. Bb5 Bd7 5. Nf3 Nd4 6. Bxd7+ Qxd7 7. Nxd4 cxd4
8. Ne2 e5 9. d3 Nf6 10. O-O h6 11. c3 dxc3 12. Nxc3 Be7 13. Bd2 O-O 14. Rc1
Rac8 15. Qf3 Kh8 16. f5 d5 17. exd5 Rcd8 18. Qh3 Kh7 19. Ne4 Nxd5 20. g4 Nf4
21. Rxf4 exf4 22. f6 Bxf6 23. Nxf6+ gxf6 24. Bxf4 Qd4+ 25. Be3 Qxd3 26. Qxh6+
Kg8 27. Kf2 Rc8 28. Re1 Rc7 29. Kg1 Qe4 30. Qxf8+ Kxf8 31. Bc5+ Rxc5 32. Rxe4
Rc2 33. Rb4 b6 34. a4 Kg7 35. h3 Kg6 36. Rb5 Rd2 37. a5 bxa5 1/2-1/2

[Event "Polar Capital Jersey op"]
[Site "St Helier"]
[Date "2018.04.06"]
[Round "8.19"]
[White "Pugh, Glyn D"]
[Black "Spanton, Tim R"]
[Result "0-1"]
[WhiteElo "1847"]
[BlackElo "1851"]
[PlyCount "50"]
[EventDate "2018.03.31"]
[EventType "swiss"]
[EventRounds "9"]
[EventCountry "JCI"]

1. d4 d5 2. c4 e5 3. dxe5 d4 4. Nf3 Nc6 5. g3 Nge7 6. Bg2 Ng6 7. O-O Bf5 8. e3
d3 9. Nc3 Qd7 10. e4 Bg4 11. Qe1 Ngxe5 12. Nd2 Nd4 13. f3 Bc5 14. Kh1 Nc2 15.
Qd1 Ne3 16. Na4 Nxd1 17. Nxc5 Qd4 18. Rxd1 Qxc5 19. Nb3 Qxc4 20. fxg4 Nxg4 21.
Rf1 O-O 22. Bf4 c6 23. Rac1 Qb4 24. Bd2 Qd6 25. Nc5 b6 0-1

[Event "Polar Capital Jersey op"]
[Site "St Helier"]
[Date "2018.04.06"]
[Round "8.20"]
[White "Livesey, R  Nigel"]
[Black "Jaufarally, Nadia"]
[Result "0-1"]
[WhiteElo "1753"]
[BlackElo "1849"]
[PlyCount "114"]
[EventDate "2018.03.31"]
[EventType "swiss"]
[EventRounds "9"]
[EventCountry "JCI"]

1. c4 Nf6 2. g3 g6 3. Bg2 Bg7 4. Nc3 d6 5. e4 O-O 6. Nge2 c5 7. O-O Nc6 8. d3
a6 9. h3 Rb8 10. a4 Ne8 11. Be3 Nc7 12. Rb1 Ne6 13. f4 Ned4 14. Bf2 Bd7 15. b3
Qc8 16. Kh2 Nxe2 17. Nxe2 b5 18. axb5 axb5 19. e5 Nb4 20. exd6 exd6 21. Be1 Re8
22. Bxb4 cxb4 23. Qd2 Qc7 24. Rfe1 bxc4 25. dxc4 Qb6 26. Red1 Bf5 27. Rbc1 Qe3
28. Qxe3 Rxe3 29. g4 Bd3 30. Ng3 Bb2 31. Re1 Bxc1 32. Rxc1 Rc8 33. Nf1 Bxf1 34.
Bxf1 Rxb3 35. Rd1 Rf3 36. Kg2 Rxf4 37. Kg3 Rxf1 38. Rxf1 Rxc4 39. Rd1 Rc3+ 40.
Kh4 Rc6 41. Rd4 Rb6 42. Kg5 Kg7 43. Kf4 b3 44. Rd1 b2 45. Rb1 Kf6 46. h4 Rb4+
47. Kf3 Ke5 48. Ke3 Rb3+ 49. Kd2 Kf4 50. Kc2 Rb7 51. Rf1+ Kxg4 52. Kb1 Kxh4 53.
Rh1+ Kg3 54. Rxh7 g5 55. Rh6 f5 56. Rxd6 f4 57. Rd2 f3 0-1

[Event "Polar Capital Jersey op"]
[Site "St Helier"]
[Date "2018.04.07"]
[Round "9.1"]
[White "Hillarp Persson, Tiger"]
[Black "Speelman, Jon S"]
[Result "1-0"]
[WhiteElo "2541"]
[BlackElo "2501"]
[PlyCount "63"]
[EventDate "2018.03.31"]
[EventType "swiss"]
[EventRounds "9"]
[EventCountry "JCI"]

1. Nf3 e6 2. g3 b5 3. Bg2 Bb7 4. O-O Nf6 5. d3 Be7 6. e4 O-O 7. c4 bxc4 8. e5
Nd5 9. dxc4 Nb6 10. Qc2 Nc6 11. b3 a5 12. Nc3 a4 13. Be3 f6 14. Rad1 axb3 15.
axb3 Ra5 16. exf6 Bxf6 17. Nb5 Be7 18. Qd2 Bb4 19. Qe2 Na7 20. Nxa7 Rxa7 21.
Ne5 Bxg2 22. Kxg2 Qe8 23. c5 Nd5 24. c6 Nxe3+ 25. Qxe3 Qa8 26. Rxd7 Bd6 27. Kg1
Ra1 28. Qd4 Rxf1+ 29. Kxf1 Qa2 30. Nc4 e5 31. Qd5+ Kh8 32. Rf7 1-0

[Event "Polar Capital Jersey op"]
[Site "St Helier"]
[Date "2018.04.07"]
[Round "9.2"]
[White "Merry, Alan B"]
[Black "L'Ami, Alina"]
[Result "1-0"]
[WhiteElo "2436"]
[BlackElo "2306"]
[PlyCount "67"]
[EventDate "2018.03.31"]
[EventType "swiss"]
[EventRounds "9"]
[EventCountry "JCI"]

1. d4 Nf6 2. c4 g6 3. Nc3 Bg7 4. e4 d6 5. Nf3 O-O 6. Be2 e5 7. O-O Nc6 8. d5
Ne7 9. Ne1 Nd7 10. Be3 f5 11. f3 f4 12. Bf2 g5 13. Nd3 Nf6 14. c5 Ng6 15. Rc1
Rf7 16. Kh1 Bf8 17. Rg1 h5 18. g3 fxg3 19. Rxg3 Bh6 20. Be3 h4 21. Rg1 Nh5 22.
cxd6 cxd6 23. Qd2 Ngf4 24. Nxf4 exf4 25. Bd4 g4 26. Nb5 a6 27. Nc7 Rxc7 28. Bb6
Ng3+ 29. hxg3 hxg3 30. Kg2 gxf3+ 31. Bxf3 Qd7 32. Rh1 Rxc1 33. Rxh6 Rb1 34. Bd4
1-0

[Event "Polar Capital Jersey op"]
[Site "St Helier"]
[Date "2018.04.07"]
[Round "9.3"]
[White "Williams, Simon K"]
[Black "Arkell, Keith C"]
[Result "1-0"]
[WhiteElo "2460"]
[BlackElo "2413"]
[PlyCount "135"]
[EventDate "2018.03.31"]
[EventType "swiss"]
[EventRounds "9"]
[EventCountry "JCI"]

1. d4 d5 2. c4 c6 3. Nc3 Nf6 4. Nf3 e6 5. Bg5 Be7 6. e3 Nbd7 7. Qc2 a6 8. O-O-O
b5 9. c5 a5 10. h4 b4 11. Na4 Ba6 12. Bxa6 Rxa6 13. Bf4 Ne4 14. Ne1 Ra7 15. f3
Nef6 16. g4 h5 17. g5 Ng8 18. e4 Nf8 19. Bg3 Ng6 20. Kb1 Qc8 21. Ng2 Bd8 22.
Nb6 Qb7 23. f4 dxe4 24. Nc4 Kf8 25. Nd6 Qd7 26. Qxe4 N8e7 27. Ne3 Bc7 28. f5
exf5 29. Nexf5 Nxf5 30. Nxf5 Bxg3 31. Nxg3 Qd5 32. Qxd5 cxd5 33. Rde1 Ne7 34.
Re5 Rd7 35. Rhe1 g6 36. Kc2 Nc6 37. Re8+ Kg7 38. Rxh8 Kxh8 39. Re8+ Kg7 40. Kd3
Rd8 41. Re3 a4 42. Ne2 a3 43. b3 Kf8 44. Rf3 Ne7 45. Rf6 Nf5 46. Nf4 Ke7 47. c6
Nxh4 48. c7 Rc8 49. Nxd5+ Ke8 50. Rc6 Kd7 51. Rf6 Ke8 52. Rd6 Nf5 53. Nf6+ Ke7
54. Rd7+ Ke6 55. Ke4 Ng3+ 56. Kf3 h4 57. Kg4 Nf5 58. Kf4 Nxd4 59. Rxd4 h3 60.
Re4+ Kd6 61. Ne8+ Kd5 62. Nf6+ Kd6 63. Kg3 Rxc7 64. Ne8+ Kd5 65. Nxc7+ Kxe4 66.
Na6 Kd4 67. Nxb4 Kc3 68. Nc2 1-0

[Event "Polar Capital Jersey op"]
[Site "St Helier"]
[Date "2018.04.07"]
[Round "9.4"]
[White "Pruijssers, Roeland"]
[Black "Vakhidov, Jakhongir"]
[Result "0-1"]
[WhiteElo "2523"]
[BlackElo "2542"]
[PlyCount "106"]
[EventDate "2018.03.31"]
[EventType "swiss"]
[EventRounds "9"]
[EventCountry "JCI"]

1. c4 g6 2. g3 Bg7 3. Bg2 c5 4. Nc3 Nc6 5. a3 e6 6. Rb1 Nge7 7. b4 d6 8. Nf3
Rb8 9. O-O b6 10. e3 O-O 11. Qb3 Bb7 12. Bb2 Qd7 13. Rfd1 Rfd8 14. d4 cxd4 15.
exd4 d5 16. c5 Nf5 17. Ne2 Ba6 18. Nf4 Bc4 19. Qc2 a5 20. Bc3 axb4 21. axb4
bxc5 22. dxc5 Qc7 23. Bh3 d4 24. Ba1 Bb5 25. Qd2 Ra8 26. Ng5 Qe7 27. Ne4 Ne5
28. Bg2 Rab8 29. Re1 Bh6 30. Rb3 Ba4 31. Rbb1 Bb5 32. Rb3 Nc4 33. Qc1 e5 34.
Bf1 exf4 35. gxf4 Qh4 36. Rh3 Qxf4 37. Rxh6 Qxh6 38. Bxc4 Bxc4 39. Qxc4 Nh4 40.
c6 Nf3+ 41. Kf1 Qh3+ 42. Ke2 Nxe1 43. Kxe1 Qf5 44. Qd3 Rxb4 45. c7 Re8 46. f3
Qa5 47. Kf2 Qxa1 48. Nf6+ Kf8 49. Nxe8 Rb2+ 50. Kg3 Qg1+ 51. Kf4 Qxh2+ 52. Ke4
Re2+ 53. Kxd4 Rxe8 0-1

[Event "Polar Capital Jersey op"]
[Site "St Helier"]
[Date "2018.04.07"]
[Round "9.5"]
[White "Wadsworth, Matthew J"]
[Black "Woudsma, Martijn"]
[Result "1-0"]
[WhiteElo "2354"]
[BlackElo "2262"]
[PlyCount "95"]
[EventDate "2018.03.31"]
[EventType "swiss"]
[EventRounds "9"]
[EventCountry "JCI"]

1. g3 g6 2. Bg2 Bg7 3. d4 Nf6 4. e4 O-O 5. Ne2 d6 6. Nbc3 Nbd7 7. O-O c6 8. a4
Rb8 9. a5 Qc7 10. h3 b5 11. axb6 axb6 12. d5 cxd5 13. exd5 b5 14. Nd4 b4 15.
Nce2 Nc5 16. Nc6 Rb7 17. Be3 Bf5 18. Nf4 g5 19. Nd3 Nxd3 20. cxd3 h6 21. g4 Bg6
22. Qd2 Qd7 23. f4 gxf4 24. Bxf4 Kh7 25. Rae1 Ng8 26. g5 h5 27. d4 Rb6 28. Qe3
Re8 29. Be4 e6 30. dxe6 Rxe6 31. Bxg6+ Rxg6 32. d5 Rxc6 33. dxc6 Qxc6 34. Qe2
Bd4+ 35. Kh2 Kg7 36. Qxh5 Bxb2 37. Re2 Bc3 38. Qg4 Qd5 39. h4 Re6 40. Rxe6 fxe6
41. h5 Ne7 42. g6 Nf5 43. Qg5 Qa2+ 44. Kh3 Qa8 45. h6+ Kh8 46. g7+ Kh7 47. Rg1
Qf3+ 48. Kh2 1-0

[Event "Polar Capital Jersey op"]
[Site "St Helier"]
[Date "2018.04.07"]
[Round "9.6"]
[White "House, Glenn L"]
[Black "Vogt, Lothar"]
[Result "1/2-1/2"]
[WhiteElo "2188"]
[BlackElo "2402"]
[PlyCount "48"]
[EventDate "2018.03.31"]
[EventType "swiss"]
[EventRounds "9"]
[EventCountry "JCI"]

1. Nf3 c5 2. g3 Nc6 3. Bg2 g6 4. O-O Bg7 5. d3 Nf6 6. e4 d6 7. c3 O-O 8. Re1
Bg4 9. h3 Bxf3 10. Qxf3 Rc8 11. Be3 b5 12. Nd2 Nd7 13. Rec1 b4 14. Qd1 Qa5 15.
Qc2 Nb6 16. a4 bxc3 17. bxc3 Rb8 18. Bf1 Nd7 19. Nc4 Qc7 20. Rab1 Rfc8 21. Rb5
a6 22. Rbb1 h5 23. Bg2 Rxb1 24. Rxb1 Rb8 1/2-1/2

[Event "Polar Capital Jersey op"]
[Site "St Helier"]
[Date "2018.04.07"]
[Round "9.7"]
[White "Ansell, Simon T"]
[Black "Mitchell, Martin"]
[Result "1-0"]
[WhiteElo "2342"]
[BlackElo "2237"]
[PlyCount "81"]
[EventDate "2018.03.31"]
[EventType "swiss"]
[EventRounds "9"]
[EventCountry "JCI"]

1. e4 d6 2. d4 Nf6 3. Nc3 g6 4. Bf4 a6 5. h3 b5 6. e5 Nh5 7. Qf3 c6 8. Bh2 d5
9. O-O-O e6 10. Kb1 Nd7 11. Nge2 Nb6 12. Nc1 b4 13. N3e2 a5 14. g4 Ng7 15. Nf4
c5 16. dxc5 Bxc5 17. Nb3 Be7 18. Nd4 Qc7 19. Nb5 Qc6 20. Nd6+ Bxd6 21. exd6 O-O
22. Ne2 Ba6 23. Nd4 Qc5 24. Bxa6 Rxa6 25. h4 Nc4 26. h5 Nxd6 27. hxg6 fxg6 28.
Qh3 Ne4 29. Be5 h5 30. gxh5 Nxf2 31. Qg2 Nxd1 32. hxg6 Rf5 33. Nxf5 exf5 34.
Rxd1 Re6 35. Qg3 Qc6 36. Rg1 f4 37. Bxf4 Nh5 38. Qh4 Rxg6 39. Qd8+ Kh7 40. Rh1
Kg7 41. Rxh5 1-0

[Event "Polar Capital Jersey op"]
[Site "St Helier"]
[Date "2018.04.07"]
[Round "9.8"]
[White "Rudd, Jack"]
[Black "Klingher, Dominic"]
[Result "1-0"]
[WhiteElo "2276"]
[BlackElo "2173"]
[PlyCount "91"]
[EventDate "2018.03.31"]
[EventType "swiss"]
[EventRounds "9"]
[EventCountry "JCI"]

1. d4 Nf6 2. c4 g6 3. Nc3 Bg7 4. e4 d6 5. Be2 O-O 6. Bg5 c6 7. Nf3 h6 8. Be3
Ng4 9. Bc1 e5 10. O-O Nd7 11. Rb1 a5 12. d5 cxd5 13. cxd5 f5 14. Nd2 Ngf6 15.
f3 Nc5 16. b3 Rf7 17. Ba3 b6 18. Bb5 f4 19. Nc4 Bf8 20. Bc6 Rb8 21. b4 axb4 22.
Bxb4 Nfd7 23. Nb5 Qf6 24. Nc7 g5 25. Ne6 g4 26. Nxf8 Kxf8 27. fxg4 Nxe4 28.
Bxd7 Bxd7 29. Qe2 b5 30. Na5 Nc5 31. Nc6 Bxc6 32. dxc6 Rc7 33. Bxc5 dxc5 34.
Rxb5 Rxb5 35. Qxb5 Qxc6 36. Qb8+ Kg7 37. Rd1 Qb7 38. Qd8 c4 39. h4 Rf7 40. g5
f3 41. Qd6 hxg5 42. hxg5 Qa7+ 43. Kh2 Qa8 44. Qxe5+ Kg8 45. g6 Rg7 46. Rb1 1-0

[Event "Polar Capital Jersey op"]
[Site "St Helier"]
[Date "2018.04.07"]
[Round "9.9"]
[White "Pitcher, Thomas"]
[Black "Le Quang, Kim"]
[Result "0-1"]
[WhiteElo "1910"]
[BlackElo "2267"]
[PlyCount "78"]
[EventDate "2018.03.31"]
[EventType "swiss"]
[EventRounds "9"]
[EventCountry "JCI"]

1. Nf3 Nf6 2. b3 d6 3. Bb2 e5 4. c4 Be7 5. g3 O-O 6. Bg2 c6 7. O-O Na6 8. Nc3
Rb8 9. Rc1 b5 10. d3 Bd7 11. h3 Re8 12. cxb5 cxb5 13. Kh2 Bf8 14. Nd2 Nc7 15.
Nde4 Rc8 16. d4 Nxe4 17. Bxe4 b4 18. Nd5 Nxd5 19. Bxd5 e4 20. Bc4 Qg5 21. e3 d5
22. Be2 Bd6 23. Kg2 f5 24. Qd2 Qf6 25. h4 g6 26. f4 exf3+ 27. Bxf3 Qe6 28. Rfe1
a5 29. Kf2 a4 30. bxa4 Bxa4 31. Rxc8 Rxc8 32. Rc1 Rc4 33. Be2 Rxc1 34. Qxc1 Bb8
35. Bf3 Qd6 36. Bxd5+ Kg7 37. Bg2 Qxg3+ 38. Kg1 Qh2+ 39. Kf2 Qxh4+ 0-1

[Event "Polar Capital Jersey op"]
[Site "St Helier"]
[Date "2018.04.07"]
[Round "9.11"]
[White "Stewart, Ashley"]
[Black "Hebden, Mark L"]
[Result "1-0"]
[WhiteElo "2148"]
[BlackElo "2454"]
[PlyCount "99"]
[EventDate "2018.03.31"]
[EventType "swiss"]
[EventRounds "9"]
[EventCountry "JCI"]

1. c4 g6 2. Nc3 Bg7 3. g3 Nf6 4. Bg2 O-O 5. Nf3 d6 6. O-O e5 7. d4 Nbd7 8. e4
c6 9. b3 Re8 10. h3 a6 11. a4 exd4 12. Nxd4 Nc5 13. Re1 a5 14. Bf4 Nfd7 15. Be3
Na6 16. Qd2 Ndc5 17. Rab1 Nb4 18. Red1 Qe7 19. Nde2 Nbd3 20. Bxc5 Nxc5 21. Qxd6
Qxd6 22. Rxd6 f5 23. f3 fxe4 24. Nxe4 Bf5 25. Nf4 Bxe4 26. fxe4 Rad8 27. Rxd8
Rxd8 28. b4 axb4 29. Rxb4 Rd1+ 30. Kh2 Ra1 31. h4 Bc3 32. Rb6 Rxa4 33. h5 g5
34. Nh3 h6 35. Nf2 Rxc4 36. Ng4 Kh7 37. Rb1 b5 38. Ne3 Rd4 39. e5 Rd2 40. Ng4
b4 41. Kh3 b3 42. Rf1 Kg7 43. Bxc6 b2 44. Be8 Ne4 45. Bg6 Bxe5 46. Bxe4 Bc3 47.
Bg6 Rd7 48. Ne3 Ra7 49. Nf5+ Kf6 50. Nd4+ 1-0

[Event "Polar Capital Jersey op"]
[Site "St Helier"]
[Date "2018.04.07"]
[Round "9.12"]
[White "Modi, Kishan J"]
[Black "Jackson, Sheila"]
[Result "1/2-1/2"]
[WhiteElo "1850"]
[BlackElo "2108"]
[PlyCount "47"]
[EventDate "2018.03.31"]
[EventType "swiss"]
[EventRounds "9"]
[EventCountry "JCI"]

1. e4 e5 2. Nf3 Nc6 3. d4 exd4 4. Bc4 Nf6 5. e5 d5 6. Bb5 Ne4 7. Nxd4 Bc5 8.
Be3 O-O 9. Bxc6 bxc6 10. O-O Bd7 11. f3 Ng5 12. f4 Ne4 13. Nd2 Nxd2 14. Qxd2 f6
15. b4 Bb6 16. Nb3 fxe5 17. fxe5 Qe7 18. Nc5 Rxf1+ 19. Rxf1 Rf8 20. Rxf8+ Kxf8
21. c4 Bc8 22. cxd5 Qxe5 23. dxc6 Qa1+ 24. Kf2 1/2-1/2

[Event "Polar Capital Jersey op"]
[Site "St Helier"]
[Date "2018.04.07"]
[Round "9.13"]
[White "Heppell, Ian N"]
[Black "Okhai, Shabir"]
[Result "1/2-1/2"]
[WhiteElo "2035"]
[BlackElo "2090"]
[PlyCount "46"]
[EventDate "2018.03.31"]
[EventType "swiss"]
[EventRounds "9"]
[EventCountry "JCI"]

1. f4 d5 2. Nf3 Nf6 3. g3 c5 4. Bg2 Nc6 5. d3 e6 6. O-O Qb6 7. Nc3 d4 8. Ne4
Nxe4 9. dxe4 c4 10. b3 c3 11. Kh1 Bc5 12. a3 a5 13. Qd3 Qa6 14. g4 Qxd3 15.
exd3 h5 16. g5 g6 17. Nh4 Ne7 18. Nf3 b5 19. f5 Ra6 20. Bf4 O-O 21. Be5 exf5
22. Nxd4 fxe4 23. Bxe4 b4 1/2-1/2

[Event "Polar Capital Jersey op"]
[Site "St Helier"]
[Date "2018.04.07"]
[Round "9.14"]
[White "Kahn, Tito"]
[Black "Ahluwalia, Amardip"]
[Result "1/2-1/2"]
[WhiteElo "1897"]
[BlackElo "2052"]
[PlyCount "56"]
[EventDate "2018.03.31"]
[EventType "swiss"]
[EventRounds "9"]
[EventCountry "JCI"]

1. d4 Nf6 2. Bf4 g6 3. Nc3 d5 4. e3 Bg7 5. Nf3 O-O 6. Ne5 c5 7. Be2 Nc6 8. h4
cxd4 9. exd4 Qb6 10. Nxc6 bxc6 11. Na4 Qd8 12. Be5 Ne4 13. Bxg7 Kxg7 14. h5 Rb8
15. c3 Qd6 16. Qc1 g5 17. Nc5 h6 18. Nd3 Ba6 19. Qc2 Bxd3 20. Bxd3 Qf4 21. O-O
Nf6 22. g3 Qf3 23. Be2 Qe4 24. Bd3 Qg4 25. Kg2 Nxh5 26. Bf5 Nf4+ 27. Kg1 Ne2+
28. Kg2 Nf4+ 1/2-1/2

[Event "Polar Capital Jersey op"]
[Site "St Helier"]
[Date "2018.04.07"]
[Round "9.15"]
[White "van Leusden, Dennis"]
[Black "Hewson, Brian Wr"]
[Result "1-0"]
[WhiteElo "2035"]
[BlackElo "2044"]
[PlyCount "87"]
[EventDate "2018.03.31"]
[EventType "swiss"]
[EventRounds "9"]
[EventCountry "JCI"]

1. e4 c6 2. Nc3 d5 3. Nf3 Bg4 4. h3 Bxf3 5. Qxf3 e6 6. d3 Nf6 7. Bd2 Nbd7 8. g4
d4 9. Ne2 Qb6 10. O-O-O Bb4 11. Bxb4 Qxb4 12. g5 Ng8 13. Kb1 Ne7 14. c3 dxc3
15. Nxc3 e5 16. Qe3 Qc5 17. d4 exd4 18. Rxd4 Ng6 19. Be2 Qe5 20. Bh5 Ndf8 21.
Rb4 Qc7 22. Bxg6 hxg6 23. f4 a5 24. Rc4 Rd8 25. f5 Rh4 26. Rf1 Qh2 27. Rd4 Rxh3
28. Rxd8+ Kxd8 29. Qd4+ Ke8 30. Rd1 Qc7 31. Qxg7 Rh2 32. Na4 Qe7 33. Qd4 Re2
34. Nc3 Rg2 35. f6 Qc7 36. Qc4 Qe5 37. Qd3 Qc7 38. e5 Qb6 39. Na4 Qc7 40. Nc5
Qb6 41. b3 Qc7 42. Nxb7 Ne6 43. Nd6+ Kf8 44. Qh3 1-0

[Event "Polar Capital Jersey op"]
[Site "St Helier"]
[Date "2018.04.07"]
[Round "9.16"]
[White "Spanton, Tim R"]
[Black "Belzo, Krzysztof"]
[Result "1/2-1/2"]
[WhiteElo "1851"]
[BlackElo "2103"]
[PlyCount "97"]
[EventDate "2018.03.31"]
[EventType "swiss"]
[EventRounds "9"]
[EventCountry "JCI"]

1. Nf3 c5 2. c4 Nf6 3. Nc3 d5 4. d4 cxd4 5. Nxd4 Nc6 6. cxd5 Nxd5 7. Nxc6 bxc6
8. e4 Nxc3 9. Qxd8+ Kxd8 10. bxc3 e5 11. Bc4 Bc5 12. O-O Ke7 13. Rb1 Bd7 14.
Bd2 Rab8 15. Rb3 Be6 16. Bxe6 Kxe6 17. Rfb1 Rxb3 18. axb3 Rd8 19. Be1 f5 20.
exf5+ Kxf5 21. Kf1 g5 22. Ke2 g4 23. Rd1 Rd5 24. Rd3 e4 25. Rd2 h5 26. c4 Rd6
27. Rxd6 Bxd6 28. g3 Be7 29. Bd2 h4 30. Be3 a6 31. Bd4 h3 32. Kd2 Bb4+ 33. Ke2
Ba5 34. Ke3 Bc7 35. Ke2 Bd8 36. Ke3 Bg5+ 37. Ke2 Be7 38. Ke3 c5 39. Bc3 Bg5+
40. Ke2 Bf6 41. Bd2 Bg5 42. Be3 Bxe3 43. fxe3 Ke5 44. Kd2 Kd6 45. Kc3 Kc6 46.
Kb2 Kb6 47. Ka2 Ka5 48. Ka3 Kb6 49. Kb2 1/2-1/2

[Event "Polar Capital Jersey op"]
[Site "St Helier"]
[Date "2018.04.07"]
[Round "9.17"]
[White "Jaufarally, Nadia"]
[Black "Bryant, Richard BE"]
[Result "1-0"]
[WhiteElo "1849"]
[BlackElo "1932"]
[PlyCount "49"]
[EventDate "2018.03.31"]
[EventType "swiss"]
[EventRounds "9"]
[EventCountry "JCI"]

1. e4 e6 2. d4 d5 3. Nc3 Bb4 4. e5 Ne7 5. a3 Bxc3+ 6. bxc3 O-O 7. Nf3 c5 8. Bd3
h6 9. g4 c4 10. Be2 Bd7 11. Rg1 Kh7 12. g5 Nf5 13. gxh6 gxh6 14. Bxh6 Nxh6 15.
Bd3+ cxd3 16. Ng5+ Qxg5 17. Rxg5 f5 18. exf6 Rxf6 19. Qxd3+ Nf5 20. O-O-O Nc6
21. Rdg1 Be8 22. Rg7+ Kh8 23. Rg8+ Kh7 24. R1g7+ Kh6 25. Qd2+ 1-0

[Event "Polar Capital Jersey op"]
[Site "St Helier"]
[Date "2018.04.07"]
[Round "9.18"]
[White "Wojciechowski, Paul"]
[Black "Modi, Shyam Jagdish"]
[Result "0-1"]
[WhiteElo "1895"]
[BlackElo "1945"]
[PlyCount "58"]
[EventDate "2018.03.31"]
[EventType "swiss"]
[EventRounds "9"]
[EventCountry "JCI"]

1. e4 e6 2. d4 d5 3. Nd2 Nc6 4. Ngf3 Nf6 5. e5 Nd7 6. c3 f6 7. Bb5 fxe5 8. dxe5
Be7 9. Qa4 Nc5 10. Qg4 O-O 11. O-O a6 12. Bxc6 bxc6 13. Nd4 Qd7 14. f4 Nd3 15.
Rf3 Nxc1 16. Rxc1 c5 17. Rg3 Rf7 18. N4f3 Bb7 19. Ng5 Bxg5 20. Qxg5 Raf8 21.
Rf1 Rf5 22. Qh4 c4 23. Rh3 g6 24. Qg3 d4 25. Nxc4 Qd5 26. b3 Rxf4 27. Rxf4 Rxf4
28. Qg5 dxc3 29. Ne3 c2 0-1